000 00414nam a2200181Ia 4500
005 20250423095849.0
008 250422s9999 xx 000 0 und d
020 _a0471522295
050 _aQK 603. A384/
100 _aAlexopoulos, C. J.
245 0 _aIntroductory mycology
260 _aNew York
260 _bJohn Wiley & Sons
260 _c1996
300 _a869 p
650 _aMycology
942 _cBK
999 _c31559
_d31559